Idols by Kpop Groups 2020 - Statistics

General Stats
  • This quiz has been taken 6,544 times
    6,541 since last reset
  • The average score is 129 of 290
Answer Stats
Idols % Correct
Jun
98%
Jennie
97%
Lisa
97%
Rosé
97%
V
97%
Jimin
96%
Jin
96%
Jisoo
96%
Jungkook
96%
RM
96%
N
95%
Suga
95%
J-Hope
94%
San
90%
Chan
88%
Kai
87%
Bang Chan
85%
Felix
85%
Momo
84%
Hyunjin
82%
Hwasa
81%
I.N
80%
Nayeon
80%
Sana
80%
Mark
79%
Soobin
79%
Yeji
79%
Changbin
78%
Han
78%
Lia
78%
Mina
78%
Tzuyu
77%
Winter
77%
E:U
76%
Jihyo
76%
Karina
76%
Lee Know
76%
Seungmin
76%
Yuna
76%
Irene
75%
Jay
75%
Ryujin
75%
Taehyun
75%
Huening Kai
74%
Jackson
74%
Yeonjun
74%
Beomgyu
73%
Chaeyoung
72%
NingNing
72%
Solar
72%
Giselle
71%
Ni-ki
71%
Dahyun
70%
D.O.
70%
Jake
70%
G-Dragon
69%
Joy
69%
Minnie
69%
Seulgi
69%
Wendy
69%
BamBam
68%
Hoshi
68%
Soyeon
67%
Chen
66%
Dino
66%
Jeongyeon
66%
S.Coups
66%
Vernon
66%
Chaeryeong
65%
Moonbyul
65%
Sunoo
65%
Taemin
65%
The8
65%
Woozi
65%
Yeri
65%
Cha Eunwoo
64%
Moonbin
64%
Yuqi
64%
DK
63%
Heeseung
63%
Jae
63%
Mingyu
63%
Joshua
62%
Sunghoon
62%
Wonyoung
62%
Jungwon
61%
Minho
61%
Baekhyun
60%
Shuhua
60%
Wheein
60%
Key
59%
Miyeon
59%
Seungkwan
59%
Taeyong
59%
Soojin
58%
Wonwoo
58%
Sakura
57%
Jeonghan
56%
Johnny
56%
Lucas
56%
Mingi
56%
Taeyeon
55%
Wooyoung
55%
Chaewon
54%
Sehun
54%
Suho
54%
Ten
54%
Chanyeol
53%
Haechan
52%
Jonghyun
52%
Taeil
52%
T.O.P
52%
Jaehyun
51%
Jisung
51%
Yujin
51%
WinWin
50%
Xiumin
50%
Yunho
50%
Yuta
50%
Chenle
49%
Doyoung
49%
Jongho
49%
Taeyang
49%
Hongjoong
48%
Jaemin
48%
Lay
48%
Onew
48%
Ren
48%
Seonghwa
48%
Yeosang
48%
Chaeyeon
47%
Chuu
47%
Jeno
47%
Jinyoung
46%
Jungwoo
46%
Yuri
46%
Renjun
45%
Tiffany
45%
Hendery
44%
JB
44%
YangYang
44%
I.M
43%
Kun
43%
Xiaojun
42%
Yugyeom
42%
Sunny
41%
Bobby
40%
Eunbi
40%
Heechul
40%
Yoona
40%
Minhyuk
39%
Rocky
39%
Sanha
38%
Shotaro
38%
Yena
38%
Youngjae
38%
Eric
36%
Daesung
35%
Nancy
35%
Q
35%
Kevin
34%
Shownu
34%
Sungchan
34%
JinJin
33%
Mia
32%
Hyoyeon
31%
Hyungwon
31%
Hitomi
30%
Joohoney
30%
MJ
30%
Sunwoo
30%
Haruto
29%
Kihyun
29%
Kim Lip
29%
Nako
29%
Shindong
29%
SinB
29%
Sorn
29%
Yves
29%
Aisha
28%
Sooyoung
28%
Zico
28%
Minju
27%
Choerry
26%
Eunha
26%
Hui
26%
Jacob
26%
Jiho
26%
Leeteuk
26%
Olivia Hye
26%
Heejin
25%
Hyewon
25%
New
25%
Peniel
25%
Seohyun
25%
Umji
25%
Vivi
25%
Arin
24%
Siwon
24%
Yedam
24%
Yiren
24%
Yoshi
24%
Onda
23%
Yuju
23%
Juyeon
22%
Young K
22%
Asahi
21%
JinSoul
21%
Yeojin
21%
Daehwi
20%
Eunhyuk
20%
Go Won
20%
Haseul
20%
JooE
20%
Wonpil
20%
Yerin
20%
Hyunjae
19%
Hyunsuk
19%
YooA
19%
Donghae
18%
Jihoon
18%
Kyuhyun
18%
Mashiho
18%
Sangyeon
18%
Sowon
18%
Woojin
18%
Younghoon
18%
Eunkwang
17%
Minhyun
17%
Sihyeon
17%
Yesung
16%
Jeongwoo
15%
Ju-ne
15%
Junkyu
15%
Max
15%
Mimi
15%
Ryeowook
15%
Song
15%
Sungjae
15%
Dowoon
14%
Juhaknyeon
14%
Junghwan
14%
P.O
14%
Ravi
14%
Seunghee
14%
Changsub
13%
Jaehyuk
13%
Kino
13%
Leo
13%
Wooseok
13%
Baekho
12%
Sungjin
12%
Sungmin
12%
U-know
12%
Yuto
12%
Yeeun
11%
Eunbin
10%
Hyuk
10%
JR
10%
Ken
10%
Seungyeon
10%
Ahin
9%
Aron
9%
Hongseok
9%
Hyunsik
9%
Jane
9%
Jinho
9%
Yanan
9%
Yeo One
8%
B-Bomb
7%
Binnie
7%
Hyebin
7%
Hyojung
7%
Kyung
7%
Shinwon
7%
U-Kwon
7%
Woong
7%
Donghyun
6%
Nayun
6%
Jaehyo
5%
No matching quizzes found
Score Distribution
Percent of People with Each Score
Percentile by Number Answered
Your Score History
You have not taken this quiz since the last reset